000 00355pab a2200145 454500
008 180718b1987 xxu||||| |||| 00| 0 eng d
100 _aKarkal, Malini
245 _aDifferentials inmortality by sex
260 _c1987
300 _a1343-7
362 _a8 Aug.
650 _aVital Statistics
773 _aEconomic and Political Weekly
909 _a20289
999 _c20289
_d20289